000 00583nam a2200229Ia 4500
003 OSt
005 20221007104242.0
006 a|||||r|||| 00| 0
007 ta
008 221006b |||||||| |||| 00| 0 eng d
024 _a15,323
037 _cTextual
040 _aLCO
_cLCO
_beng
041 _2eng
_aeng
082 _aZ3,91, L3
245 0 _aKnowledge and Opinion about Law Law in Society Series
260 _aLondon
_bMartin Robertson & Co. Ltd. UK
_c1973
300 _a138
650 _aLAW
942 _hZ3,91, L3
_cTEXL
999 _c1184886
_d1184886